000 00667nam a2200229Ia 4500
003 OSt
005 20221005133638.0
006 a|||||r|||| 00| 0
007 ta
008 221004b |||||||| |||| 00| 0 hin d
024 _a65489
037 _cTextual
040 _aCRL
_cCRL
_bhin
041 _2hin
_ahin
082 _aDelta2y7M53, 152J4
100 _aरामचन्द्र, ले.
245 0 _aश्री श्री शारदादेवी
246 _aShrī shrī shāradādevī
260 _c1954
942 _hDelta2y7M53, 152J4
_cTEXL
_2cc
999 _c1067432
_d1067432